UM Logo

Puto vendor's son is 2nd in CPA board/ (Record no. 10969)

MARC details
000 -LEADER
fixed length control field 00374nam a2200121 4500
008 - FIXED-LENGTH DATA ELEMENTS--GENERAL INFORMATION
fixed length control field 181002b ||||| |||| 00| 0 eng d
100 ## - MAIN ENTRY--PERSONAL NAME
9 (RLIN) 31871
Personal name Estremera, Stella A.
245 ## - TITLE STATEMENT
Title Puto vendor's son is 2nd in CPA board/
Statement of responsibility, etc. Stella A. Estremera
260 ## - PUBLICATION, DISTRIBUTION, ETC. (IMPRINT)
Place of publication, distribution, etc. Davao City
Name of publisher, distributor, etc. Sun Star Davao
Date of publication, distribution, etc. c2016
300 ## - PHYSICAL DESCRIPTION
Extent page 3.
650 #0 - SUBJECT ADDED ENTRY--TOPICAL TERM
9 (RLIN) 31872
Topical term or geographic name as entry element Licensure-Examinations.
942 ## - ADDED ENTRY ELEMENTS (KOHA)
Source of classification or shelving scheme Dewey Decimal Classification
Koha item type Periodicals
Holdings
Withdrawn status Lost status Source of classification or shelving scheme Damaged status Not for loan Collection code Home library Current library Date acquired Total Checkouts Date last seen Price effective from Koha item type Public note
    Dewey Decimal Classification     Periodicals UM Digos College - LIC UM Digos College - LIC 10/02/2018   10/02/2018 10/02/2018 Periodicals Newspaper Clippings